Zomrel prof. Ing. Dr. techn. Jozef Trokan

Podrobná bibliografia
Hlavní autori: Sikorová, Tatiana (Autor), Fillo, Ľudovít, 1949- (Autor), Ostrochovská, Mária (Autor)
Médium: Článok
Jazyk:slovenčina
Fyzický popis:Fotogr.
ISSN:1335-0846
Predmet:

MARC

LEADER 00000nab a2200000 a 4500
001 vtls000821881
003 SK-MaSNL
005 20260304112749.0
008 250429c2002 xo 0 slo
015 |a SNBRB2003/01-00101 
035 |a CLN000173536 
035 |a urn:nbn:sk:snk-abf44a 
035 |a (urnnbn)urn:nbn:sk:snk:ar-007hog 
035 |a (uuid)e67c866d-98b8-45a0-b8f1-0b13d3d677ab 
040 |a SNKBUCL  |b slo  |c SNKBUCL  |e AACR2 
041 0 |a slo 
044 |a xo  |c SK 
080 |a 624-051  |2 1997 
080 |a 37-051  |2 1997 
080 |a 929 Trokan, Jozef  |2 1997 
100 1 |a Sikorová, Tatiana  |4 aut  |9 6851 
245 1 0 |a Zomrel prof. Ing. Dr. techn. Jozef Trokan  |c Tatiana Sikorová, Ľudovít Fillo, Mária Ostrochovská 
300 |b Fotogr. 
600 1 7 |a Trokan, Jozef,  |d 1919-2002  |2 snkbucl  |9 210677 
655 7 |a články z novín a časopisov  |2 snkbucl  |9 267496 
700 1 |a Fillo, Ľudovít,  |d 1949-  |4 aut  |9 201761 
700 1 |a Ostrochovská, Mária  |4 aut  |9 869733 
773 0 |t Inžinierske stavby  |g Roč. 50, č. 2 (2002), s. 46-47  |x 1335-0846 
850 |a Slovenská národná knižnica 
852 |a Slovenská národná knižnica 
954 |a odborná, vedecká literatúra pôvodná (slovenská)  |2 lita 
958 |a article2022 
958 |a SK 
958 |a BX 
958 |a OND 
958 |a EUIPO 
992 |a RBX 
999 |c 2866968  |d 2868898